| 000 | 00921cab a2200265 4500 | ||
|---|---|---|---|
| 001 | ABS59493 | ||
| 008 | 090401t1998 xxu||||| |||| 00| 0 eng d | ||
| 035 | _a(Sirsi) u89017 | ||
| 041 | _aeng | ||
| 100 | _aLawson, D. | ||
| 245 | _aAccountant Fred prepares to take balance sheets by storm | ||
| 260 | _c1998 | ||
| 350 | _a0 | ||
| 490 |
_aProperty Week _v63(19) 4 September 1998, 14(1) |
||
| 520 | _aReports on how changes to accounting rules - known as FRED 14 - will expose previously hidden property costs and may well result in companies reviewing overspending on property, including over-renting and redundant leases. | ||
| 650 | _aACCOUNTING STANDARDS | ||
| 650 | _aBUSINESS LEASES | ||
| 650 | _aFRED 14 | ||
| 650 | _aOVER-RENTING | ||
| 650 | _aPORTFOLIO MANAGEMENT | ||
| 650 |
_aProperty management _96262 |
||
| 690 | _aLANDLORD AND TENANT-BUSINESS TENANCIES | ||
| 942 | _n0 | ||
| 948 | _c15/10/1998 | ||
| 999 |
_c56296 _d56296 |
||